Mým domovem je Aljaška /

Hlavní autor: Huntington, James, 1916-1987
Další autoři: Elliott, Lawrence, 1924-
Jazyk: Čeština
Vydáno: Brno : Outdooring.cz, c2009
Témata:
Externí odkaz: Digitalizovaný dokument
Fyzický popis: 171 s. ; 22 cm
Knihy
Uloženo v:
LEADER 02125nam a2200577 a 4500
001 nkc20091993976
003 CZ PrNK
005 20100401110532.0
007 ta
008 091022s2009 xr e 000 1acze
015 |a cnb001993976 
020 |a 978-80-904361-1-4  |q (váz.) 
035 |a (OCoLC)480917983 
040 |a ABA001  |b cze 
041 1 |a cze  |h eng 
043 |a n-us-ak 
045 |a x1x8 
072 7 |a 913(7)  |x Geografie Severní Ameriky, reálie, cestování  |2 Konspekt  |9 7 
072 7 |a 929  |x Biografie  |2 Konspekt  |9 8 
080 |a 798.8-051  |2 MRF 
080 |a 929  |2 MRF 
080 |a 798.8  |2 MRF 
080 |a 910.4  |2 MRF 
080 |a 908(739.8)  |2 MRF 
080 |a (739.8)  |2 MRF 
080 |a (0:82-94)  |2 MRF 
100 1 |a Huntington, James,  |d 1916-1987  |7 jx20091022004  |4 aut 
245 1 0 |a Mým domovem je Aljaška /  |c vzpomínky Jamese Huntingtona v zápiscích Lawrence Elliotta 
260 |a Brno :  |b Outdooring.cz,  |c c2009 
300 |a 171 s. ;  |c 22 cm 
500 |a Přeloženo z angličtiny 
600 1 7 |a Huntington, James,  |d 1916-1987  |7 jx20091022004  |2 czenas 
648 4 |a 1916-1987 
650 0 7 |a musheři  |7 ph174193  |z Aljaška  |y 20. století  |2 czenas 
650 0 7 |a sport psích spřežení  |7 ph125941  |z Aljaška  |2 czenas 
650 0 7 |a cesty a pobyt  |7 ph137578  |z Aljaška  |2 czenas 
650 0 9 |a mushers  |z Alaska  |y 20th century  |2 eczenas 
650 0 9 |a sled dog racing  |z Alaska  |2 eczenas 
650 0 9 |a travels and stays  |z Alaska  |2 eczenas 
651 7 |a Aljaška  |7 ge128654  |x vlastivěda  |2 czenas 
651 9 |a Alaska  |x description and travel  |2 eczenas 
655 7 |a autobiografické vzpomínky  |7 fd131854  |2 czenas 
655 9 |a autobiographical reminiscences  |2 eczenas 
700 1 |a Elliott, Lawrence,  |d 1924-  |7 jx20091022013  |4 aut 
765 0 |t On the edge of nowhere  |9 Česky 
856 4 1 |u http://www.digitalniknihovna.cz/mzk/uuid/uuid:c72b4030-131c-11e4-8e0d-005056827e51  |y Digitalizovaný dokument  |x NDK 
910 2 |a BOA001  |b 2-1232.328 
990 |a BK 
995 |a 01 
991 |b 200911  |c NOV 
996 6 |b 2610395710  |c 2-1232.328  |l MZK  |r Sklad / do 1 hodiny  |n 0  |p p.v.  |w 000974844  |u 000010  |a 1  |e BOA001  |j MZK50  |s P